Esquema filosófico de la masonería / (Record no. 60510)

MARC details
000 -LEADER
campo de control de longitud fija 00751nam a2200229 i 4500
001 - NÚMERO DE CONTROL
campo de control 60510
003 - IDENTIFICADOR DE NÚMERO DE CONTROL
campo de control ES-MaACL
005 - FECHA Y HORA DE LA ÚLTIMA TRANSACCIÓN
campo de control 20250814054348.0
007 - CAMPO FIJO DE DESCRIPCIÓN FÍSICA--INFORMACIÓN GENERAL
campo de control de longitud fija t|
008 - DATOS DE LONGITUD FIJA--INFORMACIÓN GENERAL
campo de control de longitud fija 031105s1981 sp |||| | spa d
020 ## - NÚMERO INTERNACIONAL ESTÁNDAR DEL LIBRO
Número Internacional Estándar del Libro 84-7090-114-1
100 1# - ENTRADA PRINCIPAL--NOMBRE DE PERSONA
Nombre de persona Espinar Lafuente, Francisco.
9 (RLIN) 47847
245 10 - MENCIÓN DEL TÍTULO
Título Esquema filosófico de la masonería /
Mención de responsabilidad, etc. Francisco Espinar Lafuente.
260 ## - PUBLICACIÓN, DISTRIBUCIÓN, ETC.
Lugar de publicación, distribución, etc. Madrid :
Nombre del editor, distribuidor, etc. Itsmo,
Fecha de publicación, distribución, etc. [1981]
300 ## - DESCRIPCIÓN FÍSICA
Extensión 293 p. ;
Dimensiones 21 cm.
490 1# - MENCIÓN DE SERIE
Mención de serie Biblioteca de estudios críticos. Sección filosofía ;
Designación de volumen o secuencia 12
504 ## - NOTA DE BIBLIOGRAFÍA, ETC.
Nota de bibliografía, etc. Bibliografía: p. 285-293.
610 24 - PUNTO DE ACCESO ADICIONAL DE MATERIA--NOMBRE DE ENTIDAD CORPORATIVA
Nombre de entidad corporativa o nombre de jurisdicción como elemento de entrada Masonería
9 (RLIN) 5658
830 0# - PUNTO DE ACCESO ADICIONAL DE SERIE-TÍTULO UNIFORME
Título uniforme Biblioteca de estudios críticos. Sección filosofía ;
Designación de volumen o secuencia 12
9 (RLIN) 230556
852 ## - LOCALIZACIÓN
Ubicación ES-MaACL
Número de control de estantería L-10838
Holdings
Estatus retirado Estado de pérdida Estado de daño No para préstamo Biblioteca de origen Biblioteca actual Ubicación en estantería Fecha de adquisición Fuente de adquisición Total de préstamos Signatura topográfica completa Código de barras Visto por última vez Precio de reemplazo Tipo de ítem Koha
        Biblioteca del Ateneo de Madrid Biblioteca del Ateneo de Madrid Depósito 2 17/01/2008     L-10838 1063461 23/02/2023 23/02/2023 Libro impreso